[Event "BL 8990 Regensburg-Sindelfingen"]
[Site "?"]
[Date "1989.??.??"]
[Round "?.5"]
[White "Kraut, R."]
[Black "Rother, C."]
[Result "1-0"]
[WhiteElo "2380"]
[BlackElo "2360"]
[PlyCount "73"]
[EventDate "1989.??.??"]

1. e4 e5 2. Nf3 Nc6 3. Bb5 Nf6 4. Bxc6 bxc6 5. Nc3 Bb4 6. d3 d6 7. h3 Qe7 8.
Bd2 Bxc3 9. Bxc3 O-O 10. Qe2 c5 11. g4 Bb7 12. b3 Nd7 13. O-O-O Rfb8 14. Ba5
Nf8 15. Kb2 Ne6 16. Nd2 Qd7 17. Nc4 Ba6 18. Qd2 Rb7 19. Kc1 Rab8 20. Qc3 Nd4
21. Rde1 Qe6 22. Ne3 Bb5 23. Nf5 Nc6 24. Qd2 g6 25. Rhg1 Kh8 26. Ne3 Nd4 27.
Rg3 Ba4 28. Nc4 Qf6 29. g5 Qe6 30. Bc3 Be8 31. f4 f6 32. gxf6 Qxf6 33. fxe5
dxe5 34. Rg5 Bf7 35. Nxe5 Bg8 36. Nd7 Qa6 37. Rxc5 1-0

[Event "BL 8990 Regensburg-Sindelfingen"]
[Site "?"]
[Date "1989.??.??"]
[Round "?.6"]
[White "Jell, K."]
[Black "Bialas, W."]
[Result "0-1"]
[WhiteElo "2240"]
[BlackElo "2370"]
[PlyCount "80"]
[EventDate "1989.??.??"]

1. e4 c5 2. Nf3 Nc6 3. d4 cxd4 4. Nxd4 g6 5. Nc3 Bg7 6. Be3 Nf6 7. Be2 O-O 8.
Nb3 d6 9. O-O a6 10. a4 Be6 11. f4 Na5 12. Nxa5 Qxa5 13. Bf3 Rac8 14. g4 Rfd8
15. Nd5 Nxd5 16. exd5 Bd7 17. Ra2 b5 18. Kh1 bxa4 19. c3 Rb8 20. Qd2 e5 21.
Rfa1 Rdc8 22. h3 exf4 23. Bxf4 Be5 24. Be3 Qd8 25. Bg5 f6 26. Bh4 Qe8 27. Bd1
Rc4 28. Qd3 Rbc8 29. Be2 Bxc3 30. bxc3 Rxc3 31. Qd4 Rxh3+ 32. Kg2 Rxh4 33. Qxf6
Qe4+ 34. Kg3 Rxg4+ 35. Bxg4 Qxg4+ 36. Kh2 Rf8 37. Qxd6 Rf5 38. Rg2 Rh5+ 39. Kg1
Qd4+ 40. Rf2 Qxa1+ 0-1

[Event "BL 8990 Regensburg-Sindelfingen"]
[Site "?"]
[Date "1989.??.??"]
[Round "?.8"]
[White "Muehl, T."]
[Black "Runau, R."]
[Result "1/2-1/2"]
[WhiteElo "2280"]
[BlackElo "2335"]
[PlyCount "51"]
[EventDate "1989.??.??"]

1. Nf3 Nf6 2. g3 b6 3. Bg2 Bb7 4. d3 d5 5. O-O Nbd7 6. Nbd2 e5 7. c4 Bd6 8.
cxd5 Bxd5 9. Nc4 O-O 10. Bg5 Qe8 11. Nxd6 cxd6 12. Qa4 Qe6 13. Bxf6 Nxf6 14.
Ng5 Qe8 15. Qxe8 Rfxe8 16. Bxd5 Nxd5 17. Rac1 Red8 18. a3 h6 19. Ne4 f5 20. Nc3
Nxc3 21. Rxc3 Rac8 22. Rfc1 Rxc3 23. Rxc3 Rd7 24. Kg2 Kf7 25. Kf3 Ke6 26. Rc8
1/2-1/2

[Event "BL 8990 Bamberg-Kirchheim"]
[Site "?"]
[Date "1989.??.??"]
[Round "?.2"]
[White "Pfleger, He"]
[Black "Graf, J."]
[Result "1/2-1/2"]
[WhiteElo "2505"]
[BlackElo "2425"]
[PlyCount "28"]
[EventDate "1989.??.??"]

1. c4 Nf6 2. Nc3 g6 3. g3 Bg7 4. Bg2 O-O 5. Nf3 c5 6. d4 cxd4 7. Nxd4 Nc6 8.
O-O Nxd4 9. Qxd4 d6 10. Qd2 Be6 11. Bxb7 Rb8 12. Bg2 Bxc4 13. b3 Be6 14. Bb2
Qd7 1/2-1/2

[Event "BL 8990 Bamberg-Kirchheim"]
[Site "?"]
[Date "1989.??.??"]
[Round "?.3"]
[White "Gschnitzer, O."]
[Black "Meister, P."]
[Result "1-0"]
[WhiteElo "2405"]
[BlackElo "2425"]
[PlyCount "85"]
[EventDate "1989.??.??"]

1. d4 d5 2. c4 e6 3. Nf3 Nf6 4. Nc3 Nbd7 5. Bg5 c6 6. e3 Qa5 7. Nd2 dxc4 8.
Bxf6 Nxf6 9. Nxc4 Qc7 10. a3 Be7 11. b4 O-O 12. Bd3 Rd8 13. Qc2 Bd7 14. e4 h6
15. Rd1 Be8 16. e5 Nd5 17. Ne4 b5 18. Ncd6 a5 19. Qd2 axb4 20. axb4 f5 21. Nxe8
Rxe8 22. Nc5 Ra4 23. Bc2 Bxc5 24. bxc5 Ra2 25. O-O Rea8 26. Qc1 Nc3 27. Rd2 Qa5
28. Bd3 Ra1 29. Qc2 Qb4 30. g3 R1a2 31. Qc1 Qxd4 32. Bc2 Ra1 33. Qxa1 Ne2+ 34.
Kg2 Rxa1 35. Rxd4 Nxd4 36. Rxa1 Nxc2 37. Ra7 Nd4 38. Rd7 Nb3 39. Rd6 Nxc5 40.
Rxc6 Nd7 41. f4 Kf7 42. Rc7 Ke7 43. Rb7 1-0

[Event "BL 8990 Bamberg-Kirchheim"]
[Site "?"]
[Date "1989.??.??"]
[Round "?.5"]
[White "Vonthron, H."]
[Black "Goehring, K."]
[Result "1-0"]
[WhiteElo "2385"]
[BlackElo "2310"]
[PlyCount "95"]
[EventDate "1989.??.??"]

1. e4 c6 2. d4 d5 3. e5 Bf5 4. Bd3 Bxd3 5. Qxd3 e6 6. Ne2 c5 7. Nd2 Nc6 8. O-O
cxd4 9. Nf3 Bc5 10. Nexd4 Nge7 11. Be3 Bb6 12. c3 Ng6 13. Nxc6 bxc6 14. Rfe1
O-O 15. c4 Rb8 16. c5 Bc7 17. Bd4 a5 18. g3 Qd7 19. b3 f5 20. h4 h6 21. Nd2 Ne7
22. f4 Qe8 23. Kf2 Rb5 24. Rab1 Qa8 25. Nf3 Rfb8 26. Be3 Kf7 27. Nd4 R5b7 28.
a3 Bd8 29. h5 Bc7 30. Rg1 Rg8 31. g4 Qc8 32. Ke2 Bd8 33. Bf2 fxg4 34. Rxg4 Nf5
35. Nxf5 exf5 36. Rg6 Re7 37. b4 axb4 38. axb4 Ke8 39. b5 cxb5 40. Qxd5 Rf8 41.
Bh4 Ra7 42. Re6+ Be7 43. Bxe7 Rxe7 44. Rxe7+ Kxe7 45. Rxb5 Qa6 46. Qd6+ Qxd6
47. cxd6+ Ke6 48. Rb7 1-0

[Event "BL 8990 Bamberg-Kirchheim"]
[Site "?"]
[Date "1989.??.??"]
[Round "?.6"]
[White "Hartmann, G."]
[Black "Biebinger, G."]
[Result "1/2-1/2"]
[WhiteElo "2275"]
[BlackElo "2290"]
[PlyCount "121"]
[EventDate "1989.??.??"]

1. e4 e6 2. d4 d5 3. Nc3 Nc6 4. Nf3 Nf6 5. exd5 exd5 6. Bb5 Bg4 7. h3 Bxf3 8.
Qxf3 Be7 9. Bg5 O-O 10. Bxc6 bxc6 11. O-O h6 12. Bh4 Re8 13. Rfe1 Nh7 14. Bxe7
Rxe7 15. Qd3 a5 16. Na4 Qd6 17. Rxe7 Qxe7 18. Qc3 Qd6 19. b3 Ng5 20. Re1 Ne4
21. Qe3 Qb4 22. f3 Nd6 23. c3 Qa3 24. Qd2 Nb7 25. Re2 Qd6 26. Qe3 Kf8 27. Kf2
Qf6 28. g3 Qd6 29. Qd3 Kg8 30. Re5 Qd7 31. g4 Qd6 32. Kg2 Qd7 33. Qe2 Kf8 34.
Kf2 Qd6 35. Kg2 Qa3 36. h4 Qd6 37. Qd3 Kg8 38. Qe3 Kf8 39. Qd3 Kg8 40. Qe2 Kf8
41. h5 Qa3 42. c4 Qb4 43. cxd5 Qxd4 44. dxc6 Nd6 45. Nc5 Qc3 46. Kg3 Kg8 47.
Qe3 Qc2 48. Re7 Rc8 49. Qd4 Ne8 50. Qd5 Nd6 51. Nb7 Rf8 52. Nxd6 cxd6 53. c7
Qc1 54. Qd4 Rc8 55. Rd7 Rxc7 56. Rd8+ Kh7 57. Qd3+ g6 58. Qd4 f6 59. hxg6+ Kxg6
60. Qe4+ Kg7 61. Qd4 1/2-1/2

[Event "BL 8990 Bamberg-Kirchheim"]
[Site "?"]
[Date "1989.??.??"]
[Round "?.8"]
[White "Kestler, H."]
[Black "Messmer, M."]
[Result "1/2-1/2"]
[WhiteElo "2355"]
[BlackElo "2290"]
[PlyCount "33"]
[EventDate "1989.??.??"]

1. d4 Nf6 2. c4 e6 3. Nf3 Bb4+ 4. Bd2 Qe7 5. Nc3 O-O 6. Qc2 d5 7. e3 c5 8. cxd5
exd5 9. dxc5 Bxc5 10. Be2 Nc6 11. O-O a6 12. Rad1 Ba7 13. Bc1 Rd8 14. Nd4 Qe5
15. Nf3 Qe7 16. Nd4 Qe5 17. Nf3 1/2-1/2

[Event "BL 8990 Koblenz-Heidelberg"]
[Site "?"]
[Date "1989.??.??"]
[Round "?.1"]
[White "Ostl, A."]
[Black "Garcia Palermo, C."]
[Result "0-1"]
[WhiteElo "2335"]
[BlackElo "2465"]
[PlyCount "42"]
[EventDate "1989.??.??"]

1. d4 d5 2. c4 dxc4 3. e3 Nf6 4. Bxc4 e6 5. Nf3 a6 6. O-O c5 7. Nc3 b5 8. Be2
Bb7 9. a4 b4 10. Nb1 Nc6 11. dxc5 Bxc5 12. Nbd2 O-O 13. Nc4 Qc7 14. Bd2 Rfd8
15. Rc1 Rac8 16. Qb3 e5 17. Rfd1 e4 18. Ne1 a5 19. h3 Ba7 20. Bf1 h5 21. f4
Qxf4 0-1

[Event "BL 8990 Koblenz-Heidelberg"]
[Site "?"]
[Date "1989.??.??"]
[Round "?.2"]
[White "Braga, F."]
[Black "Steinbacher, M."]
[Result "0-1"]
[WhiteElo "2470"]
[BlackElo "2325"]
[PlyCount "80"]
[EventDate "1989.??.??"]

1. d4 e6 2. e4 d5 3. Nc3 Nf6 4. exd5 exd5 5. Nf3 Bd6 6. Bg5 c6 7. Bd3 h6 8. Bh4
Qe7+ 9. Qe2 Qxe2+ 10. Kxe2 Nh5 11. Rhe1 Be6 12. Kd2 g5 13. Bg3 Nxg3 14. hxg3
Nd7 15. Bf5 Ke7 16. Re3 Kf6 17. Bxe6 fxe6 18. Rae1 Rae8 19. Ne5 Bxe5 20. dxe5+
Kg6 21. Ne2 Nb6 22. b3 c5 23. c3 a5 24. Rf3 Rhf8 25. Rxf8 Rxf8 26. f3 a4 27.
Nc1 axb3 28. axb3 h5 29. Kc2 Ra8 30. Kb2 Nd7 31. Nd3 b5 32. Nf2 c4 33. b4 Ra4
34. g4 hxg4 35. Nxg4 d4 36. cxd4 Nb6 37. Rh1 Nd5 38. Rh6+ Kg7 39. Rxe6 c3+ 40.
Kc1 Nxb4 0-1

[Event "BL 8990 Koblenz-Heidelberg"]
[Site "?"]
[Date "1989.??.??"]
[Round "?.4"]
[White "Wolf, V."]
[Black "Grathwohl, R."]
[Result "1-0"]
[WhiteElo "2340"]
[BlackElo "2360"]
[PlyCount "111"]
[EventDate "1989.??.??"]

1. Nf3 Nf6 2. c4 b6 3. g3 Bb7 4. Bg2 e6 5. O-O Be7 6. b3 O-O 7. Bb2 Ne4 8. Qc2
Bf6 9. Ne5 Bxe5 10. Bxe5 f5 11. d3 Nc5 12. d4 Bxg2 13. Kxg2 Ne4 14. d5 d6 15.
Bb2 Qe8 16. dxe6 Qxe6 17. Nc3 Nxc3 18. Qxc3 Rf7 19. Qf3 Qe4 20. Qxe4 fxe4 21.
b4 Nc6 22. a3 a5 23. Bc3 Rff8 24. Rfd1 Rfe8 25. h3 Ne5 26. Bxe5 Rxe5 27. g4 h5
28. Kg3 hxg4 29. hxg4 g5 30. e3 Kg7 31. Rac1 axb4 32. axb4 Ra2 33. Ra1 Rc2 34.
Rdc1 Rb2 35. Rab1 Ra2 36. Ra1 Rb2 37. Rab1 Ra2 38. c5 Re7 39. cxd6 cxd6 40. Ra1
Rb2 41. Rcb1 Rxb1 42. Rxb1 Rc7 43. Rd1 Rc4 44. b5 Rc5 45. Rxd6 Rxb5 46. Rd4 Re5
47. Kg2 Kf6 48. Kf1 Re6 49. Ke2 Ke5 50. Rd8 Rg6 51. Rf8 Ke6 52. Rf5 Kd6 53. Kd2
Ke6 54. Kc3 Rf6 55. Rxf6+ Kxf6 56. Kd4 1-0

[Event "BL 8990 Koblenz-Heidelberg"]
[Site "?"]
[Date "1989.??.??"]
[Round "?.5"]
[White "Pirrot, D."]
[Black "Schulz, KJ."]
[Result "1/2-1/2"]
[WhiteElo "2355"]
[BlackElo "2350"]
[PlyCount "105"]
[EventDate "1989.??.??"]

1. e4 c6 2. d4 d5 3. exd5 cxd5 4. c4 Nf6 5. Nc3 e6 6. Nf3 Bb4 7. cxd5 Nxd5 8.
Qc2 Nc6 9. Bd3 Nxc3 10. bxc3 Nxd4 11. Nxd4 Qxd4 12. O-O Qxc3 13. Bb5+ Kf8 14.
Qe4 Bd6 15. Rb1 Qe5 16. Qh4 f6 17. Rd1 Kf7 18. g3 Be7 19. Bf4 Qc5 20. Rdc1 Qf5
21. Be3 Rd8 22. Ba4 g5 23. Qh5+ Qg6 24. Qf3 g4 25. Qe2 Qe4 26. Bc2 Qf3 27. Qc4
b5 28. Rxb5 Bb7 29. Rxb7 Qxb7 30. Qxg4 f5 31. Qh5+ Kg8 32. Bb3 Qe4 33. Qh6 Rd6
34. h4 Re8 35. Qh5 Rf8 36. Bf4 Rc6 37. Rf1 Rb6 38. Bg5 Bxg5 39. hxg5 f4 40. Qh4
Qg6 41. gxf4 Qf5 42. Re1 Kg7 43. Qh6+ Kf7 44. Rc1 Kg8 45. Rc7 Qb1+ 46. Kh2 Qg6
47. Qh4 Qf5 48. Kg3 Qd3+ 49. Kh2 Qf5 50. Kg3 Qd3+ 51. Kh2 Qe4 52. Kg3 Qd3+ 53.
Kh2 1/2-1/2

[Event "BL 8990 Koblenz-Heidelberg"]
[Site "?"]
[Date "1989.??.??"]
[Round "?.6"]
[White "Bayer, E."]
[Black "Zuse, P."]
[Result "0-1"]
[WhiteElo "2355"]
[BlackElo "2305"]
[PlyCount "90"]
[EventDate "1989.??.??"]

1. d4 Nf6 2. c4 g6 3. g3 c6 4. Bg2 d5 5. cxd5 cxd5 6. Nf3 Bg7 7. Nc3 O-O 8. Ne5
e6 9. Bg5 h6 10. Bxf6 Bxf6 11. Qd2 Bg7 12. O-O Nd7 13. f4 Qb6 14. Kh1 Nf6 15.
g4 Rd8 16. e3 Bd7 17. Rf2 Be8 18. Rg1 Rac8 19. h4 Nh7 20. Nd3 Qd6 21. Bh3 Rc7
22. Bf1 Qe7 23. Rh2 f6 24. Ne1 e5 25. dxe5 d4 26. exd4 fxe5 27. Qg2 Qf7 28. Bb5
exd4 29. Bxe8 Qxe8 30. Nd1 d3 31. g5 hxg5 32. hxg5 Re7 33. Nf3 Nf8 34. Qg4 Qf7
35. Rf2 Re2 36. Rgf1 Rxf2 37. Rxf2 Qxa2 38. Kg2 Qc4 39. Ne3 Qe4 40. Nd1 Ne6 41.
Kg3 Nd4 42. Nc3 Nf5+ 43. Kh3 Bxc3 44. bxc3 d2 45. Nxd2 Rxd2 0-1

[Event "BL 8990 Koblenz-Heidelberg"]
[Site "?"]
[Date "1989.??.??"]
[Round "?.7"]
[White "Neunhoeffer, H."]
[Black "Brueckner, T."]
[Result "1/2-1/2"]
[WhiteElo "2265"]
[BlackElo "2410"]
[PlyCount "40"]
[EventDate "1989.??.??"]

1. d4 Nf6 2. Nf3 e6 3. Bg5 c5 4. e3 Be7 5. Bd3 b6 6. O-O Bb7 7. c3 O-O 8. Nbd2
Nc6 9. a3 cxd4 10. cxd4 h6 11. Bh4 d5 12. Qe2 Ne4 13. Bxe7 Nxe7 14. Rac1 a6 15.
Rc2 Qd6 16. Rfc1 Nxd2 17. Qxd2 Rfc8 18. Qe2 a5 19. Bb5 Rxc2 20. Rxc2 Rc8
1/2-1/2

[Event "BL 8990 Koblenz-Heidelberg"]
[Site "?"]
[Date "1989.??.??"]
[Round "?.8"]
[White "Hess, R."]
[Black "Weber, M."]
[Result "0-1"]
[WhiteElo "2295"]
[BlackElo "2305"]
[PlyCount "64"]
[EventDate "1989.??.??"]

1. d4 Nf6 2. c4 e6 3. Nc3 Bb4 4. e3 c5 5. Bd3 O-O 6. a3 Bxc3+ 7. bxc3 d5 8.
cxd5 exd5 9. Ne2 Re8 10. O-O Nc6 11. f3 Bd7 12. Ng3 Rc8 13. Ra2 g6 14. Re2 Qa5
15. Rb2 c4 16. Bb1 Qxc3 17. Rb5 Nxd4 18. Bd2 Qa1 19. Rxb7 Nb3 20. Nh5 Nxh5 21.
Rxd7 Qe5 22. Kh1 Nxd2 23. Qxd2 c3 24. Qd1 Nf6 25. Rxa7 Qxe3 26. Rb7 Qe2 27. Bd3
Qxd1 28. Rxd1 Re3 29. Bc2 Re2 30. Bb3 c2 31. Rc1 Rce8 32. Rg1 c1=Q 0-1

[Event "BL 8990 Porz-Hofheim"]
[Site "?"]
[Date "1989.??.??"]
[Round "?.1"]
[White "Zude, A."]
[Black "Hort, V."]
[Result "1/2-1/2"]
[WhiteElo "2325"]
[BlackElo "2570"]
[PlyCount "56"]
[EventDate "1989.??.??"]

1. e4 c5 2. Nf3 e6 3. d4 cxd4 4. Nxd4 a6 5. Bd3 Ne7 6. O-O Nbc6 7. Nb3 Ng6 8.
f4 Be7 9. Be3 O-O 10. Nc3 b5 11. e5 d6 12. exd6 Qxd6 13. a4 bxa4 14. Rxa4 Qb8
15. Qf3 Bb7 16. Nc5 Nce5 17. Qg3 Nxd3 18. Nxd3 Nh4 19. Bc5 Bxc5+ 20. Nxc5 Nf5
21. Qf2 Bc6 22. Ra2 a5 23. Rfa1 Rd8 24. Nd3 Qc7 25. Qc5 Qb7 26. Qf2 Qc7 27. Qc5
Qb7 28. Qf2 Qc7 1/2-1/2

[Event "BL 8990 Porz-Hofheim"]
[Site "?"]
[Date "1989.??.??"]
[Round "?.3"]
[White "Troltenier, D."]
[Black "Miles, A."]
[Result "0-1"]
[WhiteElo "2300"]
[BlackElo "2580"]
[PlyCount "78"]
[EventDate "1989.??.??"]

1. e4 Nc6 2. d4 e5 3. Nf3 exd4 4. c3 d3 5. Bxd3 d6 6. h3 Nf6 7. O-O Be7 8. c4
Ne5 9. Nc3 O-O 10. Be2 Re8 11. Nd4 c6 12. f4 Ng6 13. Kh1 Bf8 14. Bd3 Qc7 15.
Qf3 a6 16. a4 b6 17. Bd2 Bb7 18. Rae1 Rad8 19. Bc1 Nd7 20. Bc2 Be7 21. Nf5 Bf6
22. Qg3 Nc5 23. b4 Ne6 24. h4 Nd4 25. Nxd4 Bxd4 26. h5 Nf8 27. Rd1 Bf6 28. Bb2
Qe7 29. e5 dxe5 30. Rxd8 Qxd8 31. Rd1 Qe7 32. f5 e4 33. c5 bxc5 34. bxc5 Be5
35. Qg4 Nd7 36. Qxe4 Nxc5 37. f6 Nxe4 38. fxe7 Nf2+ 39. Kg1 Nxd1 0-1

[Event "BL 8990 Porz-Hofheim"]
[Site "?"]
[Date "1989.??.??"]
[Round "?.4"]
[White "Fleck, J."]
[Black "Schmitzer, K."]
[Result "1/2-1/2"]
[WhiteElo "2415"]
[BlackElo "2305"]
[PlyCount "60"]
[EventDate "1989.??.??"]

1. e4 c6 2. d4 d5 3. Nd2 g6 4. h3 dxe4 5. Nxe4 Bg7 6. Nf3 Nd7 7. Bc4 Ngf6 8.
Nxf6+ Bxf6 9. O-O O-O 10. Bh6 Re8 11. Ng5 e6 12. Ne4 Be7 13. Re1 Nf6 14. c3
Nxe4 15. Rxe4 b5 16. Bb3 Bb7 17. Re1 c5 18. dxc5 Bxc5 19. Qe2 Qh4 20. Be3 Qe4
21. f3 Qc6 22. Bxc5 Qxc5+ 23. Qe3 Qxe3+ 24. Rxe3 Red8 25. Kf2 Bd5 26. Bxd5 Rxd5
27. a4 Rb8 28. axb5 Rbxb5 29. Re2 Rb7 30. Ra6 Kf8 1/2-1/2

[Event "BL 8990 Porz-Hofheim"]
[Site "?"]
[Date "1989.??.??"]
[Round "?.5"]
[White "Zude, E."]
[Black "Lutz, C."]
[Result "1-0"]
[WhiteElo "2325"]
[BlackElo "2410"]
[PlyCount "49"]
[EventDate "1989.??.??"]

1. e4 c6 2. d4 d5 3. exd5 cxd5 4. c4 Nf6 5. Nc3 e6 6. Nf3 Bb4 7. cxd5 Nxd5 8.
Bd2 O-O 9. Bd3 Nf6 10. O-O Bd7 11. Qe2 Bc6 12. Rad1 Nbd7 13. Ne5 Nb6 14. Bg5
Be7 15. Qe3 g6 16. Bh6 Re8 17. Rfe1 Qd6 18. Qf4 Nbd5 19. Nxd5 exd5 20. Bg5 Kg7
21. g4 Bf8 22. Re3 Re6 23. Bf5 Re7 24. Rh3 Kg8 25. Nxg6 1-0

[Event "BL 8990 Porz-Hofheim"]
[Site "?"]
[Date "1989.??.??"]
[Round "?.6"]
[White "Schoen, W."]
[Black "Wendel, S."]
[Result "1-0"]
[WhiteElo "2360"]
[BlackElo "2255"]
[PlyCount "51"]
[EventDate "1989.??.??"]

1. d4 Nf6 2. c4 c6 3. Nc3 d5 4. Nf3 dxc4 5. Ne5 b5 6. g3 Bb7 7. Bg2 a6 8. O-O
e6 9. a4 Qb6 10. e4 Bb4 11. Bg5 Nbd7 12. Na2 Be7 13. Nxd7 Nxd7 14. Bxe7 Kxe7
15. Nc3 Rhd8 16. a5 Qa7 17. Qh5 Qxd4 18. Rad1 Qf6 19. f4 Qg6 20. Qe2 e5 21. Qe3
Qh6 22. Rd2 Ke8 23. Rfd1 c5 24. Rd6 Nf6 25. Qxc5 exf4 26. Qe5+ 1-0

[Event "BL 8990 Porz-Hofheim"]
[Site "?"]
[Date "1989.??.??"]
[Round "?.7"]
[White "Haubt, G."]
[Black "Ostermeyer, P."]
[Result "0-1"]
[WhiteElo "2295"]
[BlackElo "2465"]
[PlyCount "114"]
[EventDate "1989.??.??"]

1. e4 c5 2. c3 d5 3. exd5 Qxd5 4. d4 e6 5. Nf3 Nf6 6. Be2 Be7 7. O-O Nc6 8. c4
Qf5 9. Nc3 cxd4 10. Nb5 O-O 11. Nfxd4 Nxd4 12. Nxd4 Qa5 13. Qc2 e5 14. Nf5 Bxf5
15. Qxf5 g6 16. Qc2 Qc7 17. b3 a5 18. a3 Bc5 19. Bb2 Rad8 20. Rad1 Qe7 21. Qc1
Rxd1 22. Bxd1 Rd8 23. Re1 Bd4 24. Bf3 e4 25. Be2 Qc5 26. Bxd4 Rxd4 27. h3 Rd6
28. Rd1 Rxd1+ 29. Bxd1 Nd7 30. Be2 Ne5 31. Qc3 Nc6 32. Qb2 f5 33. Qf6 Qxa3 34.
Qe6+ Kg7 35. g4 Qe7 36. Qd5 f4 37. c5 e3 38. g5 exf2+ 39. Kxf2 Qe3+ 40. Ke1
Qc3+ 41. Kd1 Ne7 42. Qxb7 Qd4+ 43. Ke1 Qxc5 44. h4 h6 45. gxh6+ Kxh6 46. Qa8
Qg1+ 47. Kd2 Qe3+ 48. Ke1 Kg7 49. Qb7 Qg3+ 50. Kd2 Qxh4 51. Qb5 Qf6 52. Qxa5 f3
53. Bc4 Qd4+ 54. Kc2 Nf5 55. Qc7+ Kh6 56. Qh2+ Kg5 57. Qd2+ Ne3+ 0-1

[Event "BL 8990 Porz-Hofheim"]
[Site "?"]
[Date "1989.??.??"]
[Round "?.8"]
[White "Jackelen, T."]
[Black "Huisl, W."]
[Result "1-0"]
[WhiteElo "2355"]
[BlackElo "2335"]
[PlyCount "65"]
[EventDate "1989.??.??"]

1. Nf3 f5 2. d3 Nf6 3. e4 fxe4 4. dxe4 Nxe4 5. Bd3 d5 6. Bxe4 dxe4 7. Qxd8+
Kxd8 8. Ng5 Ke8 9. Nc3 e5 10. Ngxe4 Bf5 11. Bg5 Nc6 12. O-O-O h6 13. Bh4 Kf7
14. f3 g5 15. Bf2 Be7 16. Nd5 Rac8 17. h4 gxh4 18. Nxe7 Nxe7 19. Rxh4 b6 20.
Rh5 Rcg8 21. Ng3 Rg5 22. Rdh1 Rxh5 23. Rxh5 Kg6 24. Nxf5 Nxf5 25. g4 Nd4 26.
Rxe5 Nxf3 27. Rf5 Ng5 28. Bd4 Rd8 29. Rf6+ Kh7 30. Be3 Kg7 31. Rc6 Rd7 32. Bf4
Rd4 33. Be5+ 1-0

[Event "BL 8990 Heidelberg-Porz"]
[Site "?"]
[Date "1989.??.??"]
[Round "?.1"]
[White "Hort, V."]
[Black "Ostl, A."]
[Result "1/2-1/2"]
[WhiteElo "2570"]
[BlackElo "2335"]
[PlyCount "111"]
[EventDate "1989.??.??"]

1. d4 d5 2. c4 c6 3. Nf3 dxc4 4. e3 Bf5 5. Bxc4 e6 6. Nc3 Nf6 7. O-O Nbd7 8.
Nh4 Bg6 9. f4 Nb6 10. Be2 Bb4 11. Qb3 Qe7 12. a3 Bd6 13. Nxg6 hxg6 14. e4 Bc7
15. e5 Ng8 16. Be3 Qh4 17. h3 Ne7 18. Rf3 O-O-O 19. Bf2 Qh6 20. Ne4 Nbd5 21.
Ng5 Rhf8 22. h4 Nf5 23. g3 Bb6 24. Rd1 Rd7 25. Qc4 Rfd8 26. Rfd3 Qh8 27. Bf3
Qf8 28. b4 a6 29. Ne4 Kb8 30. Nc5 Rc7 31. Rb3 Qh8 32. Qe2 Qh6 33. Be4 Rh8 34.
a4 Rd8 35. Qf3 Nfe7 36. Rdb1 Qh5 37. Kg2 Nf5 38. Rh1 Nfe7 39. g4 Qh6 40. Bg3
Bxc5 41. bxc5 Ka7 42. h5 g5 43. fxg5 Qxg5 44. Kh3 Rf8 45. Rf1 Rd7 46. Bh4 Qd2
47. Qf2 Qh6 48. Rf3 g6 49. Rxf7 Rxf7 50. Qxf7 Nf5 51. Qxd7 Qe3+ 52. Kh2 Qxe4
53. Rxf5 gxf5 54. Bd8 Qf4+ 55. Kh1 Qf3+ 56. Kh2 1/2-1/2

[Event "BL 8990 Heidelberg-Porz"]
[Site "?"]
[Date "1989.??.??"]
[Round "?.2"]
[White "Steinbacher, M."]
[Black "Christiansen, L."]
[Result "0-1"]
[WhiteElo "2325"]
[BlackElo "2555"]
[PlyCount "138"]
[EventDate "1989.??.??"]

1. d4 Nf6 2. c4 e6 3. Nc3 Bb4 4. e3 O-O 5. Bd3 c5 6. Nge2 cxd4 7. exd4 d5 8.
cxd5 Nxd5 9. O-O Nc6 10. Bc2 Re8 11. Qd3 g6 12. a3 Nxc3 13. bxc3 Bf8 14. Ng3 b6
15. h4 Bb7 16. Ne4 Rc8 17. Bg5 Be7 18. Rfe1 Na5 19. Ba4 f5 20. Bxe7 Rxe7 21.
Ng5 e5 22. f3 Qd6 23. Re3 h6 24. Nh3 e4 25. fxe4 fxe4 26. Qe2 Kg7 27. Qg4 Rf8
28. Bb5 Ref7 29. Rf1 Rxf1+ 30. Bxf1 Qf6 31. Be2 Nb3 32. Rg3 Nc1 33. Bc4 Qd6 34.
h5 Rf6 35. Qxg6+ Rxg6 36. Rxg6+ Qxg6 37. hxg6 Nd3 38. g3 Nb2 39. Bb3 Kxg6 40.
Kf2 Kf5 41. Ke3 Ba6 42. Nf2 Bc4 43. Bc2 Bd5 44. Bxe4+ Bxe4 45. g4+ Ke6 46. Kxe4
Nc4 47. a4 Nb2 48. a5 bxa5 49. d5+ Kd7 50. Kd4 a4 51. Ne4 a3 52. c4 a2 53. Nc5+
Kd6 54. Nb3 Na4 55. Na1 a5 56. Nb3 Nc5 57. Na1 a4 58. Kc3 Nb3 59. Kb2 Na5 60.
Ka3 Nxc4+ 61. Kxa4 Ne3 62. Kb3 Nxg4 63. Kxa2 h5 64. Nc2 h4 65. Nd4 Kxd5 66. Nf3
h3 67. Kb3 Ne5 68. Nh2 Ke4 69. Kc2 Ke3 0-1

[Event "BL 8990 Heidelberg-Porz"]
[Site "?"]
[Date "1989.??.??"]
[Round "?.3"]
[White "Miles, A."]
[Black "Neurohr, S."]
[Result "1/2-1/2"]
[WhiteElo "2580"]
[BlackElo "2325"]
[PlyCount "41"]
[EventDate "1989.??.??"]

1. c4 Nf6 2. Nc3 g6 3. e4 d6 4. d4 Bg7 5. Be2 O-O 6. Nf3 e5 7. O-O Nc6 8. Be3
Ng4 9. Bg5 f6 10. Bc1 Kh8 11. h3 exd4 12. Nxd4 Nxd4 13. Qxd4 f5 14. Qd1 Ne5 15.
exf5 Bxf5 16. Be3 Qh4 17. Qb3 Bxh3 18. gxh3 Qxh3 19. Qxb7 Nf3+ 20. Bxf3 Be5 21.
Rfe1 1/2-1/2

[Event "BL 8990 Heidelberg-Porz"]
[Site "?"]
[Date "1989.??.??"]
[Round "?.4"]
[White "Grathwohl, R."]
[Black "Fleck, J."]
[Result "1/2-1/2"]
[WhiteElo "2360"]
[BlackElo "2415"]
[PlyCount "71"]
[EventDate "1989.??.??"]

1. Nf3 g6 2. c4 Bg7 3. Nc3 Nf6 4. d4 O-O 5. Bg5 h6 6. Bh4 d6 7. e3 Nbd7 8. Be2
e6 9. O-O g5 10. Bg3 Nh5 11. Nd2 Nxg3 12. hxg3 Qe7 13. Qc2 f5 14. b4 Nf6 15.
Bd3 Ng4 16. Nb3 Qf7 17. Be2 Qh5 18. Bxg4 Qxg4 19. Rad1 Rf7 20. c5 Bd7 21. Qe2
Qxe2 22. Nxe2 b6 23. Rd2 a5 24. bxa5 bxa5 25. Rc2 a4 26. Nd2 Bb5 27. Re1 Bf8
28. Nc4 Bxc4 29. Rxc4 dxc5 30. dxc5 Rd7 31. Nd4 Kf7 32. Rb1 Kf6 33. f4 Ra5 34.
c6 Rdd5 35. Rb7 Bd6 36. Kf2 1/2-1/2

[Event "BL 8990 Heidelberg-Porz"]
[Site "?"]
[Date "1989.??.??"]
[Round "?.5"]
[White "Lutz, C."]
[Black "Pirrot, D."]
[Result "1-0"]
[WhiteElo "2410"]
[BlackElo "2355"]
[PlyCount "59"]
[EventDate "1989.??.??"]

1. d4 Nf6 2. Nf3 g6 3. c4 Bg7 4. Nc3 d5 5. e3 O-O 6. cxd5 Nxd5 7. Bc4 Nxc3 8.
bxc3 Nc6 9. O-O Na5 10. Bd3 b6 11. Qe2 c5 12. Rd1 Qc7 13. e4 Rd8 14. Be3 Bb7
15. Rac1 Rac8 16. d5 Qd7 17. Bb5 Qg4 18. Bg5 Bf6 19. h3 Qh5 20. Be3 e6 21. Qf1
g5 22. e5 Be7 23. d6 Bxf3 24. dxe7 Bxd1 25. exd8=Q+ Rxd8 26. f3 a6 27. Rxd1
Rxd1 28. Qxd1 axb5 29. Qd8+ Kg7 30. Bxg5 1-0

[Event "BL 8990 Heidelberg-Porz"]
[Site "?"]
[Date "1989.??.??"]
[Round "?.6"]
[White "Zuse, P."]
[Black "Schoen, W."]
[Result "0-1"]
[WhiteElo "2305"]
[BlackElo "2360"]
[PlyCount "60"]
[EventDate "1989.??.??"]

1. c4 Nf6 2. g3 c5 3. Bg2 d5 4. cxd5 Nxd5 5. Nc3 Nc7 6. d3 e5 7. Nh3 Be7 8. f4
exf4 9. Nxf4 Nc6 10. O-O O-O 11. Be3 Ne6 12. Rc1 Nxf4 13. gxf4 Nd4 14. Kh1 Bg4
15. Qd2 Qd7 16. b4 Rac8 17. Nd5 Bh4 18. bxc5 Nxe2 19. Rce1 Bxe1 20. Rxe1 Rfe8
21. d4 Qf5 22. Bf2 Qh5 23. Qd3 Rcd8 24. Nc7 Re7 25. Nb5 Nxf4 26. Qg3 Rxe1+ 27.
Bxe1 Nxg2 28. Kxg2 Re8 29. Nd6 Qd5+ 30. Kf1 Qh1+ 0-1

[Event "BL 8990 Heidelberg-Porz"]
[Site "?"]
[Date "1989.??.??"]
[Round "?.8"]
[White "Weber, M."]
[Black "Jackelen, T."]
[Result "0-1"]
[WhiteElo "2305"]
[BlackElo "2355"]
[PlyCount "62"]
[EventDate "1989.??.??"]

1. Nf3 Nf6 2. c4 e6 3. g3 d5 4. b3 a5 5. Nc3 Nc6 6. Bg2 d4 7. Nb5 e5 8. O-O Bc5
9. e3 O-O 10. exd4 Nxd4 11. Nbxd4 Bxd4 12. Nxd4 Qxd4 13. Rb1 Bg4 14. Qe1 Qd3
15. Ba3 Rfe8 16. Qe3 Qxe3 17. dxe3 e4 18. Rfe1 Nd7 19. h3 Bh5 20. g4 Bg6 21.
Red1 Ne5 22. Rd4 Nd3 23. Rd7 Rac8 24. Rd1 b6 25. Rd2 h6 26. Bb2 Red8 27. Rxd8+
Rxd8 28. f3 exf3 29. Bxf3 Re8 30. Bc3 Rxe3 31. Re2 Rxf3 0-1